00636nam a2200181 a 4500001001000000003000400010005001700014008004100031040002500072110004300097245002600140260009800166300004300264910001100307942001400318952010500332999001700437000040962OSt20201113092322.0130912s2007 dr acd 000 0 spa d aDO-SdBNPbspacBNPHU2 aAsociación para el Desarrollo96739310aMemoria anual 2006 /. aSantiago de los Caballeros, República Dominicana :bAsociación para el Desarrollo,c2007. a66 p. :bil., gráf., retrs. ;c9 cm. aVMateo 2ddccLBS1 0010718PDaPDbPDcCTd2013-09-12iLF1l0o p40962-10r2020-06-25w2020-06-25yLFPDZNo se presta c40452d40452